Medzinárodná ekonomická interdependencia prípadové štúdie

Bibliographic Details
Main Authors: Šíbl, Drahoš, 1934-2007 (Author), Šaková, Beáta, 1971- (Author)
Format: Book
Language:Slovak
PhysicalDescription:174 s. tab. 29 cm
Published: V Bratislave Ekonóm 1996
ISBN:8022508233
Subjects:

MARC

LEADER 00000nam a2200000 a 4500
001 vtls001281971
003 SK-MaSNL
005 20260301064744.0
008 240509s1996 xo ap r yy slo
015 |a SNBA1997/0702111 
020 |a 8022508233  |c 52,00 Sk 
035 |a SNK000233401 
035 |a urn:nbn:sk:snk-amye2o 
035 |a urn:nbn:sk:snk-am00ceun 
035 |a 3A96C03C-D217-4B06-B51D-E59FB4F0803E 
040 |a SNK  |b slo  |c SNK  |e AACR2 
041 0 |a slo 
044 |a xo  |c SK 
080 |a 339.9(075.8)  |2 1981 
100 1 |a Šíbl, Drahoš,  |d 1934-2007  |4 aut  |9 244648 
245 1 0 |a Medzinárodná ekonomická interdependencia  |b prípadové štúdie  |c Drahoš Šíbl, Beáta Šaková 
260 |a V Bratislave  |b Ekonóm  |c 1996 
300 |a 174 s.  |b tab.  |c 29 cm 
650 0 7 |a hospodárstvo svetové  |x štúdie prípadové  |2 SNK  |9 382505 
655 7 |a Textbooks (higher)  |2 SNKPHeng  |9 276436 
655 7 |a učebnice vysokých škôl  |2 SNKPH  |9 70191 
700 1 |a Šaková, Beáta,  |d 1971-  |4 aut  |9 107113 
752 |d Bratislava 
919 |a 80-225-0823-3 
958 |a TL 
958 |a NB 
958 |a UV 
999 |c 628103  |d 630033 
952 |t P60, <09>, [BOOK], {629}  |a SNK  |b SNK  |y NEVYP  |7 0  |o snkB 415  |i snk1530/970409  |0 0  |1 0  |4 0  |d 1997-04-08  |l 0  |r 2005-01-02 00:00:00  |w 2026-02-23 
952 |t P60, <03>, [BOOK], {603}  |a SNK  |b SNK  |y PREZ  |7 0  |p 17A0054640  |o snkSB 56783  |i snkKSP 3433/97  |0 0  |1 0  |4 0  |d 1997-04-08  |f 1  |l 0  |r 2025-04-02 00:00:00  |w 2026-02-23 
952 |t P60, <04>, [BOOK], {604}  |a SNK  |b SNK  |y VYP  |7 0  |p 17A0054641  |o snkSB 56783 D1  |i snkKSP 3434/97  |0 0  |1 0  |4 0  |d 1997-04-08  |l 0  |r 2005-01-02 00:00:00  |w 2026-02-23